| 000 | 00519pab a2200181 454500 | ||
|---|---|---|---|
| 008 | 180718b2005 xxu||||| |||| 00| 0 eng d | ||
| 100 | _aTimmer, Marcel P. | ||
| 245 | _aDoes information and communication technology drive EU-US productivity growth differentials | ||
| 260 | _c2005 | ||
| 300 | _ap.693-716. | ||
| 362 | _aOct | ||
| 650 | _aEuropean Union | ||
| 650 | _aCommunication technology | ||
| 650 | _aInformation technology | ||
| 700 | _aArk, Bart Van | ||
| 773 | _aOxford Economic Papers | ||
| 909 | _a68301 | ||
| 999 |
_c68301 _d68301 |
||